[Event "Heusenstamm Schloss op-A 5th"]
[Site "Heusenstamm"]
[Date "2018.11.24"]
[Round "4"]
[White "Noe, Christopher"]
[Black "Gschnitzer, Adrian"]
[Result "0-1"]
[WhiteElo "2529"]
[BlackElo "2365"]
[Annotator "Gutman,L"]
[PlyCount "48"]
[EventDate "2018.11.22"]
[EventType "swiss"]
[EventRounds "7"]
[EventCountry "GER"]
[SourceTitle "EXT 2020"]
[Source "ChessBase"]
[SourceDate "2019.10.17"]
[SourceVersion "1"]
[SourceVersionDate "2019.10.17"]
[SourceQuality "1"]

{[%evp 0,48,32,27,27,19,51,14,20,-20,3,-51,-9,-16,8,-55,3,-30,-30,-71,-40,-19,
-144,-382,-382,-134,-134,-134,-132,-122,-136,-122,-140,-140,-145,-145,-246,
-171,-232,-290,-373,-369,-199,-342,-353,-390,-442,-422,-446,-447,-464]} 1. d4
Nf6 2. Nf3 c5 3. c4 cxd4 4. Nxd4 Nc6 5. g3 e6 6. Nc3 Qb6 7. Ndb5 Ne5 {Eine
aktuelle Variante in Englisch. Etwas überraschend zeigt Christopher Noe,
einer der Gewinner des Turniers, eine sehr schwache Vorbereitung und verliert
praktisch ohne Widerstand.} 8. Bf4 (8. Bg2 a6 9. Na3 (9. Qa4 Rb8 10. Na3 Bxa3
11. Qxa3 Nxc4 12. Qb3 Qxb3 13. axb3 Ne5 14. Bf4 d6 $11 {grandelius-ragger,
gibraltar 2016}) 9... Bxa3 (9... Be7 10. O-O d6 11. Na4 $5 Qc7 12. Be3 Nfd7 13.
b4 Rb8 14. Ba7 Ra8 15. Bd4 $14 {Bachmann-Duda, Baku Ol 2016, Mihail Marins
kommentaren}) 10. bxa3 Nxc4 11. Qb3 (11. O-O Qc5 12. Na4 Qb5 13. Nc3 Qc5 $11 {
Grischuk-Svidler, Moscow 2017}) 11... Qxb3 12. axb3 Na5 13. Rb1 d5 14. Na4 Nd7
{und Weiß hat Kompensation für das geopferte Material,mehr aber nicht,
Anatoly Karpov, Englisch richtig gespielt, Beyer Verlag 1999}) 8... Nfg4 9. e3
a6 10. Qa4 (10. h3 axb5 11. hxg4 (11. cxb5 $2 g5 12. Bxg5 f6 13. Bf4 Nh6 14.
Bg2 Nhf7 $17 {Michalik-Nguyen, Praha 2017 blitz}) 11... Nxc4 12. Qb3 d5 13.
Bxc4 dxc4 14. Qxb5+ Qxb5 15. Nxb5 $11 {Timofeev-Stevic, Bihac 2010}) 10... Ra7
11. Nxa7 $2 (11. h3 axb5 12. Qxb5 Qc6 13. hxg4 Qxh1 (13... Nd3+ 14. Bxd3 Qxh1+
15. Bf1 Qc6 16. a3 b6 17. Bd3 Be7 $11 {Meskovs-Kulaots, Viljandi 2016}) 14.
Bxe5 Qc6 15. Bd4 Ra8 $11 {Topalov-Caruana, Moscow FIDE Candidates 2016}) 11...
Qxb2 12. Be2 Qxc3+ 13. Kf1 Qxa1+ 14. Kg2 Qb2 15. Qd1 Qb6 16. Nxc8 Qc6+ 17. e4
g5 18. Bxg5 Rg8 19. Bf4 Qxe4+ 20. f3 Qxf4 21. gxf4 Ne3+ 22. Kh3 Nxd1 23. Rxd1
Ng6 24. Kg3 Ne7+ 0-1

[Event "FIDE-Wch k.o."]
[Site "New Delhi/Teheran"]
[Date "2000.12.02"]
[Round "2.6"]
[White "Krasenkow, Michal"]
[Black "Macieja, Bartlomiej"]
[Result "0-1"]
[WhiteElo "2702"]
[BlackElo "2536"]
[Annotator "Hecht,H"]
[PlyCount "130"]
[EventDate "2000.11.27"]
[EventType "k.o."]
[EventRounds "7"]
[EventCountry "IND"]
[SourceTitle "CBM 081"]
[Source "ChessBase"]
[SourceDate "2001.03.20"]
[SourceVersion "1"]
[SourceVersionDate "2001.03.20"]
[SourceQuality "1"]

1. Nf3 c5 2. c4 Nc6 3. d4 cxd4 4. Nxd4 e6 5. Nc3 Nf6 6. Ndb5 d5 7. Bf4 e5 8.
cxd5 exf4 9. dxc6 bxc6 10. Qxd8+ Kxd8 11. Rd1+ Bd7 12. Nd6 Rb8 13. Nxf7+ Ke8
14. Nd6+ Bxd6 15. Rxd6 Rxb2 16. Rd2 Rxd2 17. Kxd2 Ke7 18. g3 Bf5 19. Bg2 Rd8+
20. Kc1 Nd5 21. Nxd5+ cxd5 22. gxf4 Rc8+ 23. Kd2 Rc2+ 24. Ke3 d4+ 25. Kxd4 Rxe2
26. Bd5 Kd6 27. Bb3 Re4+ 28. Kc3 Rxf4 29. Rd1+ Kc5 30. Rd5+ Kc6 31. Rd2 a5 32.
Bd5+ Kc5 33. f3 g5 34. a3 h6 35. Rd1 Bg6 36. Rd2 Bh5 37. Rd3 Bg6 38. Rd2 Rf6
39. Ba8 Bh5 40. Rd5+ Kb6 41. Rd3 Be8 42. Kd4 Rd6+ 43. Ke3 Rxd3+ 44. Kxd3 Kc5 {
[#] Bauernschwäche f3 und Raumnachteil bei Weiß} 45. Be4 Bd7 46. Kc3 Bh3 47.
Bd3 Bd7 48. Bc2 Bc6 49. Bd1 Bb5 50. Bc2 Kd5 51. Bd3 Bd7 52. Be4+ Ke5 53. Bb7
Bb5 54. Ba8 h5 55. Bb7 h4 56. Ba8 Bf1 57. Kd2 (57. Bb7 Kf4 58. Kd2 Bg2 59. Ke2
g4 60. Kf2 Bxf3 61. Ba6 g3+ 62. hxg3+ hxg3+ 63. Kg1 Ke3 {Wegen des
abgedrängten weißen Königs gewinnt auch hier die Seite mit dem "falschen"
Läufer leicht} 64. Bb5 Kd4 65. a4 Kc5 66. Be8 Kb4 67. Bd7 Bd1 68. Kg2 Bxa4 69.
Be6 Bb5 70. Kxg3 a4 71. Kf2 Bc4 72. Bf5 a3 73. Bb1 Kc3 74. Ke3 Kb2 $19) 57...
Kd4 58. Ke1 Bb5 59. Kd2 Kc4 60. Ke3 (60. Kc2 Ba4+ 61. Kb2 Kd4 62. Kc1 Ke3 $19)
60... Kb3 61. f4 gxf4+ 62. Kxf4 Kxa3 63. Kg4 a4 64. Kxh4 Kb2 65. Bd5 a3 {
[%cal Rb5a4,Ra4b3]} 0-1

[Event "St Petersburg op"]
[Site "St Petersburg"]
[Date "1994.??.??"]
[Round "7"]
[White "Zvjaginsev, Vadim"]
[Black "Goldin, Alexander"]
[Result "1/2-1/2"]
[WhiteElo "2545"]
[BlackElo "2585"]
[Annotator "Hecht,H"]
[PlyCount "128"]
[EventDate "1994.02.??"]
[EventType "swiss"]
[EventRounds "9"]
[EventCountry "RUS"]
[SourceTitle "CBM 041"]
[Source "ChessBase"]
[SourceDate "1994.08.01"]
[SourceVersion "1"]
[SourceVersionDate "1994.08.01"]
[SourceQuality "1"]

1. d4 Nf6 2. c4 e6 3. Nc3 Bb4 4. Nf3 c5 5. g3 Nc6 6. Bg2 O-O 7. O-O cxd4 8.
Nxd4 Ne5 9. Qb3 Be7 10. Rd1 Qa5 11. Bg5 h6 12. Bxf6 Bxf6 13. Ndb5 Be7 14. Rac1
a6 15. Nd6 Rb8 16. c5 b5 17. Nce4 f5 18. Qc3 Qxc3 19. Nxc3 Nf7 20. e4 Bxd6 21.
cxd6 Rb6 22. exf5 Nxd6 23. fxe6 dxe6 24. Ne4 Nxe4 25. Bxe4 e5 26. Rc5 Bg4 27.
Rd2 Bf5 28. Rxe5 Bxe4 29. Rxe4 Rf7 30. h4 g6 31. Red4 Rbf6 32. Rd6 Kf8 33. Rxf6
Rxf6 34. Rd7 Rc6 35. Ra7 Kg8 36. Kg2 Rf6 37. f4 h5 38. Kf3 Re6 39. g4 hxg4+ 40.
Kxg4 Re2 41. Rxa6 Rg2+ 42. Kf3 Rxb2 43. Rxg6+ Kh7 44. Rg2 Rb1 45. Kg4 b4 46.
Kg5 b3 47. a4 Ra1 48. Rb2 Rxa4 49. Rxb3 Ra1 50. Rb7+ Kg8 51. f5 Rg1+ 52. Kf6
$18 {Weiß gewinnt, wenn der s. K auf der 8.Reihe abgeschnitten ist.} Rh1 53.
Rg7+ (53. Rb8+ Kh7 54. Kf7 Ra1 $10 (54... Rxh4 55. Rb1 Rh2 56. f6 Kh8 57. Kf8
Kh7 58. f7 Rh3 59. Re1 Rh2 60. Ke7 $18)) (53. h5 $1 Ra1 (53... Rxh5 54. Kg6 $18
) 54. h6 Ra6+ 55. Kg5 Ra1 56. f6 Rg1+ 57. Kf5 Rf1+ 58. Ke6 Re1+ 59. Kd6 Rd1+
60. Ke7 Re1+ 61. Kd8 Rf1 62. h7+ Kh8 63. Ke7 Re1+ 64. Kf7 Ra1 65. Rb8+ Kxh7 66.
Kf8 Ra7 67. f7 Kg6 68. Rb6+ Kh7 69. Rf6 $18) 53... Kh8 54. Rg5 (54. Re7 Rxh4
55. Kf7 Ra4 56. f6 Kh7 57. Kf8+ Kg6 58. f7 Kf6 $10) 54... Rxh4 55. Kf7 Rh7+ 56.
Kf8 Rh6 57. Kf7 (57. Rg6 Rxg6 58. fxg6 {patt}) 57... Rh7+ 58. Kf8 Rh6 59. Rg8+
Kh7 60. Rg7+ Kh8 61. Rg5 Rf6+ 62. Ke7 Ra6 63. f6 Kh7 64. f7 Ra7+ 1/2-1/2

[Event "Reykjavik Olafsson"]
[Site "Reykjavik"]
[Date "1995.??.??"]
[Round "5"]
[White "Hjartarson, Johann"]
[Black "Arnason, Jon Loftur"]
[Result "1/2-1/2"]
[WhiteElo "2570"]
[BlackElo "2545"]
[Annotator "Hjartarson,J"]
[PlyCount "114"]
[EventDate "1995.09.??"]
[EventType "tourn"]
[EventRounds "11"]
[EventCountry "ISL"]
[EventCategory "11"]
[SourceTitle "CBM 049"]
[Source "ChessBase"]
[SourceDate "1995.12.01"]
[SourceVersion "1"]
[SourceVersionDate "1995.12.01"]
[SourceQuality "1"]

1. Nf3 {Ribli} c5 2. c4 Nc6 3. d4 cxd4 4. Nxd4 Nf6 5. Nc3 Qb6 6. Nb3 e6 7. g3
Ne5 8. e4 Bb4 9. Qe2 d6 10. f4 Nc6 11. Be3 Bxc3+ 12. bxc3 Qc7 13. Bg2 O-O 14.
O-O b6 15. g4 $6 Bb7 {Ribli: Die neueste Mode.} (15... Ba6 16. g5 Nd7 17. Rf3
Rfe8 18. Rh3 Ne7 $6 $146 (18... Nf8 {-Inf/60/42}) 19. f5 $1 exf5 20. exf5 Bxc4
(20... Nxf5 $2 21. Bxa8 Rxa8 22. Qf3 $18) 21. Qh5 Nf8 22. Nd4 (22. Bxa8 $2 Nxf5
$44) 22... Bd5 23. f6 {Akesson,R-Hansen,Cu/Reykjavik zt/1995/CBM47/} Bxg2 24.
Kxg2 (24. fxe7 $5 Bxh3 25. exf8=Q+ Rxf8 26. Qxh3 Qxc3 27. Rc1 $13) 24... Nd5
25. Bd2 Re5 26. fxg7 Kxg7 27. Rf1 b5 28. Nf5+ $2 (28. Rhf3 $1 f6 $8 29. gxf6+
Kh8 30. Qh6 $16 {Ribli}) 28... Kh8 29. Nh6 f5 $1 30. Nf7+ $2 (30. Nxf5 $13)
30... Kg8 31. Nxe5 dxe5 32. Rxf5 Ng6 $44 {xf4, Akesson-Hansen,Cu/Reykjavik/zt/
1995}) 16. g5 Nd7 17. Rf3 Rfe8 $1 $146 {<=> <->e Eine Neuerung.} (17... Rfc8 $6
{Lobron-Kramnik/Dortmund/1995}) (17... Ne7 {Ribli} 18. Rh3 Rfc8 19. Qh5 Nf8 20.
Nd2 d5 21. cxd5 exd5 22. f5 $40 {Lobron,E-Kramnik,V/Dortmund/1995/CBM48/}) 18.
Rh3 Rac8 19. Qh5 Nf8 20. Rf1 (20. f5 {Ribli} exf5 21. exf5 Ne5 $15) 20... Ne7 (
20... Na5 $5 21. Nd4 $5 (21. Nxa5 bxa5 22. Bxa7 Qxc4 $17) 21... Nxc4 22. Bc1
$15) (20... Na5 $5 {Ribli}) 21. Nd2 (21. f5 {Ribli} exf5 22. exf5 Bxg2 23. Kxg2
Qxc4 $15) 21... Ba6 (21... d5 {Ribli} 22. cxd5 exd5 23. f5 $40) 22. f5 {
Ribli: Voellig auf seine Angriffsplanung konzentriert, ueberlaesst Weiss den
Damenfluegel dem Gegner.} Bxc4 $1 $17 (22... exf5 23. exf5 Nxf5 24. Rxf5 g6 25.
Qh6 gxf5 26. Bd4 Re5 27. Bd5 $1 $44) 23. Rf2 (23. Nxc4 Qxc4 24. f6 Neg6 25.
fxg7 Kxg7 26. Rhf3 (26. Qh6+ {Ribli} Kg8 27. Rhf3 Rc7 28. h4 Qxe4 29. h5 Nh4
$17) 26... Rc7 $17) 23... e5 $2 (23... exf5 24. Bd4 (24. exf5 Nxf5 $1 25. Rxf5
g6 26. Qh6 gxf5 27. Bd4 Re5 $17) 24... f4 $1 (24... fxe4 $2 25. Nxe4 $44) 25.
Rxf4 Neg6 26. Rf2 Be6 $17) 24. f6 Neg6 25. fxg7 (25. Rhf3 $5 {Ribli Mit diesem
Zug koennte Weiss die Partiefortsetzung (26...Re7) verhindern.}) 25... Kxg7 26.
Rhf3 Re7 27. Bh3 Rd8 (27... Be6 28. Bf5 $44 {/\Nf1-g3}) 28. Bf5 $44 d5 {
Ribli: Schwarz spielt nach einem guten alten Rezept: Gegen Fluegelangriff soll
man dem Zentrum spielen.} 29. h4 (29. Bxg6 {Ribli} Nxg6 30. Qh6+ Kg8 31. Rh3
Nf8 32. g6 fxg6 33. Bg5 Ne6 34. Bxe7 Qxe7 $44) 29... Rd6 (29... d4 $6 30. cxd4
exd4 31. Nxc4 $1 Qxc4 (31... dxe3 32. Nxe3 $13) 32. Bd2 Qxa2 33. Qh6+ Kg8 34.
h5 Ne5 35. Rg3 $44) 30. Qg4 $2 (30. exd5 $1 Bxd5 31. Be4 $44) 30... d4 $1 31.
cxd4 exd4 32. Bf4 $8 Nxf4 33. Qxf4 Rc6 $17 34. e5 $138 {Ribli: Weiss
beabsichtigt mit diesem zweiten Bauernopfer im Trueben fischen, sonst steht
der Nachziende ueberlegen.} (34. Qg4 {Ribli} Be6 $17) 34... Qxe5 $2 $138 (34...
Bd5 $1 $17 35. Be4 $140 Ng6 $1 36. Qf6+ Kg8 $1 $19) 35. Qxe5+ Rxe5 36. Be4 $1
Rc7 37. Nxc4 Rxe4 38. Nd6 $44 Re6 (38... Re1+ 39. Kg2 Rd7 40. h5 $1 $44) 39.
Nf5+ (39. Rxf7+ {Ribli} Rxf7 40. Rxf7+ Kg8 $19 (40... Kg6 41. Rxf8 Rxd6 $19)) (
39. Nxf7 {Ribli} Ng6 40. h5 Nh4 41. Rf4 d3 $19) 39... Kg6 40. Nxd4 Re4 41. Rf6+
Kh5 42. Rh6+ (42. Nf5 Rg4+ $15) (42. Rxf7 {Ribli} Rxf7 43. Rxf7 Rxd4 44. Rxf8
Kxh4 $19) 42... Kg4 43. Rg2+ Kf4 (43... Kh3 $2 44. Ne2 $16) 44. Rf6+ Ke3 (44...
Ke5 $2 45. Nc6+ Kd5 46. Rd2+ Kc5 47. Rc2+ Kb5 (47... Rc4 $2 48. Rf5+ $18) 48.
Nd4+ Rxd4 49. Rxc7 $16) 45. Nf5+ Kd3 46. Rg3+ Kc2 47. Ne3+ $2 (47. Rb3 $1 Ne6
48. Ne3+ Kd2 49. Rf2+ Kc1 50. Rf1+ Kd2 51. Rf2+ $10) 47... Kb1 48. Rf1+ Rc1 (
48... Kxa2 {Ribli} 49. Rg2+ Kb3 50. Rb1+ Ka3 51. Ra1+ Kb3 (51... Kb4 $2 52.
Rb2+ Kc5 53. Rc1+ Kd6 54. Rd2+ $18) 52. Rb1+ $10) 49. Nd1 Ka1 $1 (49... Kxa2 $2
50. Nc3+) (49... Rec4 50. Rgf3 $1 $44) 50. Rgf3 Rxh4 $2 (50... Rg4+ 51. Kh2
Rxh4+ 52. Kg3 Ng6 $1 (52... Rd4 53. Ne3 $10 (53. Ne3 {Ribli} Rxf1 54. Rxf1+
Kxa2 55. Rxf7 {Schwarz kann die Partie retten, wie in der Partie.})) 53. Rxf7
Rd4 54. Ne3 Rxf1 55. Nxf1 Ra4 56. Rxh7 Rxa2 57. Rg7 Ne5 58. Nh2 $15) 51. Ne3 $1
Rxf1+ 52. Rxf1+ Kxa2 53. Rxf7 $10 Ne6 54. Rxa7+ Kb3 55. Rb7 Nxg5 (55... Rb4 {
Ribli} 56. Nd5 Rb5 57. Rxb6 $10) 56. Rxb6+ Kc3 57. Kf2 Rh2+ {Beide
Grossmeister spielten mit vielen schoenen Ideen, besonders lustig war die
schwarze Koenigswanderung von g7 bis a1. Diese Partie gefaellt mir sehr. Ribli}
1/2-1/2

[Event "Hessen-ch"]
[Site "Bruchkoebel"]
[Date "2002.03.26"]
[Round "7"]
[White "Schnitzspan, Lothar"]
[Black "Kersten, Uwe"]
[Result "1/2-1/2"]
[WhiteElo "2341"]
[BlackElo "2301"]
[Annotator "Hoehne,V/Loukas,T"]
[PlyCount "27"]
[EventDate "2002.03.22"]
[EventType "tourn"]
[EventRounds "11"]
[EventCountry "GER"]
[EventCategory "1"]
[SourceTitle "EXT 2003"]
[Source "ChessBase"]
[SourceDate "2002.11.25"]
[SourceVersion "1"]
[SourceVersionDate "2002.11.25"]
[SourceQuality "1"]

1. c4 c5 2. g3 Nc6 3. Bg2 Nf6 4. Nf3 e6 5. Nc3 d6 6. d4 cxd4 7. Nxd4 Nxd4 8.
Qxd4 Be7 9. O-O O-O 10. Rd1 a6 11. Bd2 $5 (11. e4 Qc7 12. b3 Rb8 13. Ba3 Rd8
14. Rac1 b6 15. h3 Bb7 16. Qe3 Bf8 17. Kh2 Ba8 18. Bb2 Rbc8 19. Na4 Nd7 20. Rd2
Qb8 21. Rcd1 b5 22. cxb5 axb5 23. Nc3 b4 24. Ne2 Nc5 25. Nd4 Qb7 26. f3 Rd7 27.
Bf1 d5 28. e5 Rdc7 29. Rc2 Nd7 30. Rxc7 Rxc7 31. Bd3 Qa7 32. Bb1 Qa6 33. h4 Bb7
34. Kg2 Rc8 35. h5 Bc5 36. f4 Bf8 37. g4 Nc5 38. Rc1 Ne4 39. Rxc8 Bxc8 40. Qc1
Qb7 41. Bxe4 dxe4 42. Qc6 Qb8 43. Kf2 Bb7 44. Qb5 Qa8 45. Ke3 Bd5 46. Qa4 Qd8
47. g5 h6 48. g6 fxg6 49. hxg6 Qh4 50. Qe8 Qg3+ 51. Kd2 Qxf4+ 52. Kc2 e3 53.
Kd3 Be4+ 54. Kc4 Qf1+ {0-1 Heck,N-Genkin,M/Willingen 1999/EXT 2001 (54).})
11... Rb8 12. Qd3 Qc7 13. Rac1 b6 14. Ne4 (14. Ne4 Bb7 $11) 1/2-1/2

[Event "ESP-ch"]
[Site "Palencia"]
[Date "1999.08.23"]
[Round "5"]
[White "Illescas Cordoba, Miguel"]
[Black "Franco Ocampos, Zenon"]
[Result "1-0"]
[WhiteElo "2600"]
[BlackElo "2474"]
[Annotator "Illescas Cordoba,M"]
[PlyCount "49"]
[EventDate "1999.08.19"]
[EventType "swiss"]
[EventRounds "9"]
[EventCountry "ESP"]
[SourceTitle "EXT 2000"]
[Source "ChessBase"]
[SourceDate "1999.11.16"]
[SourceVersion "1"]
[SourceVersionDate "1999.11.16"]
[SourceQuality "1"]

1. Nf3 Nf6 2. c4 c5 3. Nc3 Nc6 4. d4 cxd4 5. Nxd4 e6 6. g3 Bc5 7. Nb3 Be7 8.
Bg2 O-O 9. O-O d6 10. Bf4 Nh5 11. Be3 Nf6 12. Rc1 Bd7 $2 (12... Ng4 $1) 13. Bf4
$1 Qb8 (13... e5 14. Bg5 $16) 14. c5 $1 (14. Nc5 $5 Bc8 $140 15. Na6 bxa6 16.
Bxc6 Bb7 $14) (14. Nb5 Ne5) 14... e5 15. Bg5 Be6 (15... Rd8 16. cxd6 Be6 17.
Bxf6 Rxd6 18. Bxe5 $1 $16) 16. Bxf6 gxf6 {[%csl Rg8]} (16... Bxf6 17. cxd6 Rd8
18. Nb5 $16 {[%csl Gd6]}) 17. e3 $5 {[%cal Yd1h5][%mdl 128]} (17. cxd6 Qxd6 18.
Qxd6 Bxd6 $14) (17. Nd5 Rd8 18. e4 (18. e3 dxc5 19. Nxc5 Kh8) 18... dxc5 19.
Nxc5 Bxc5 20. Rxc5 $16) 17... dxc5 18. Ne4 $1 c4 19. Nbc5 Qc8 (19... f5 20. Qh5
$1 Kh8 (20... fxe4 21. Bxe4 f5 22. Nxe6 fxe4 23. Qg4+ Kf7 24. Nxf8 (24. f4 $5)
24... Qxf8 25. Qxe4 Kg7 26. Rxc4 $16) 21. Nxe6 (21. Qh6 $2 Rg8 22. Nf6 Rg7 23.
Nxe6 fxe6 24. Rxc4 Qd8 $17) 21... fxe6 22. Rxc4 $1 Qe8 (22... fxe4 23. Bxe4 Rf5
24. Bxf5 exf5 25. Qxf5 $16) 23. Qxe8 Rfxe8 24. Nc5 Bxc5 25. Bxc6 $1 bxc6 26.
Rxc5 $16) 20. Qh5 $40 b5 (20... Bf5 21. Rxc4 Bg6 22. Qh6 $16) (20... f5 21. Ng5
Bxg5 22. Qxg5+ Kh8 23. Qf6+ Kg8 24. Rfd1 $16) 21. Qh6 $1 (21. f4 $2 Bf5 22.
fxe5 Bg6 23. Qh6 Nxe5 $15) 21... Nb4 (21... Bf5 $2 22. Nxf6+ Bxf6 23. Qxf6 $18)
22. f4 $1 {[%csl Gf1]} (22. Nxf6+ Bxf6 23. Be4 Bf5 24. Qxf6 Bxe4 25. Nxe4 Qe6
$11) 22... Rb8 $2 {[%mdl 8192]} (22... Nd5 $2 23. fxe5 Bxc5 (23... fxe5 24. Ng5
Bxg5 25. Qxg5+ Kh8 26. Qxe5+ $18) 24. Nxf6+ Nxf6 25. exf6 Bxe3+ 26. Qxe3 Kh8
27. Qh6 Rg8 28. Be4 $18) (22... Nxa2 $2 23. fxe5 fxe5 24. Nf6+ Bxf6 25. Be4 $18
) (22... exf4 $2 23. Rxf4 Bf5 24. Rd1 $1 Nd3 (24... Bxc5 $2 25. Nxf6+ Kh8 26.
Nh5) (24... Bg6 $2 25. Nd7 $1 Nd3 26. Nexf6+ Bxf6 27. Nxf6+ Kh8 28. Rh4 Qf5 29.
Rf1 $18) (24... Re8 25. Nxf6+ Bxf6 26. Qxf6 Bg6 27. Nd7 $1 Nd3 28. Bxa8 Qxa8
29. Qd4 Nxf4 (29... Rd8 30. Rf6 $18) 30. Nf6+ Kf8 31. Qd6+ Re7 32. exf4 Be4 33.
Rd5 $18) 25. Nxd3 cxd3 26. Nf2 $1 Bg6 (26... Rb8 $2 27. Rxf5 Qxf5 28. Be4) 27.
Bxa8 Qxa8 28. Nxd3 $16) (22... Bf5 $8 {[%mdl 256]} 23. fxe5 fxe5 24. Rcd1 $1 {
/\Nd7} (24. a3 Nd5 25. Nd6 Bxd6 26. Bxd5 Bxc5 27. Bxa8 $14) (24. Nd6 Bxd6 25.
Qxd6 (25. Rxf5 Qxf5 26. Be4 Qg6 $1 27. Bxg6 fxg6 $1 $13) 25... Rb8 26. Qxe5 Bg6
$13) 24... f6 $1 (24... Bxc5 25. Nxc5 Bg6 26. Nd7 Nd3 27. Nf6+ Kh8 28. Bxa8
Qxa8 29. h4 $18) (24... Rb8 25. Nd7 $1 Bxd7 26. Nf6+ Bxf6 27. Be4 $18) (24...
Nd3 25. Nxd3 cxd3 26. Nf6+ Bxf6 27. Qxf6 Bg6 28. Bxa8 Qxa8 29. Qxe5 $16) 25.
Nb7 $5 Bxe4 26. Bxe4 Rf7 27. a3 Nd3 28. Bd5 Qf8 29. Qh5 Kg7 30. Qg4+ Kh8 31.
Bxf7 Qxf7 32. Qd7 $14) (22... f5 $2 23. fxe5 (23. Ng5 Bxg5 24. Qxg5+ Kh8 25.
Qf6+ Kg8 $16) 23... Nd5 24. Ng5 Bxg5 25. Qxg5+ Kh8 26. Bxd5 Qxc5 27. Bxa8 Rxa8
28. Rcd1 $18) 23. fxe5 $18 {->>>} fxe5 24. Nf6+ $1 Bxf6 25. Be4 1-0

[Event "Ljubljana"]
[Site "Ljubljana"]
[Date "1997.??.??"]
[Round "8"]
[White "Efimov, Igor"]
[Black "Farago, Ivan"]
[Result "1/2-1/2"]
[WhiteElo "2530"]
[BlackElo "2470"]
[Annotator "King,D"]
[PlyCount "108"]
[EventDate "1997.05.20"]
[EventType "tourn"]
[EventRounds "11"]
[EventCountry "SLO"]
[EventCategory "9"]
[SourceTitle "CBM 058 Extra"]
[Source "ChessBase"]
[SourceDate "1997.07.29"]
[SourceVersion "1"]
[SourceVersionDate "1997.07.29"]
[SourceQuality "1"]

{(f7)} 1. Nf3 Nf6 2. c4 c5 3. Nc3 Nc6 4. d4 cxd4 5. Nxd4 e6 6. a3 Bc5 7. Nb3
Be7 8. e4 b6 9. Be2 Ba6 10. O-O Rc8 11. Bf4 d6 12. Nb5 e5 13. Be3 Bxb5 14. cxb5
Nb8 15. Bd3 O-O 16. Qe2 d5 17. exd5 Qxd5 18. Nd2 Bc5 19. Bg5 Nbd7 20. Bc4 Qb7
21. Rad1 Bd4 22. b3 h6 23. Bh4 Rfe8 24. Nf3 Bc5 {How does White attack f7?} 25.
b4 Bf8 26. Qa2 {[%csl Rf7][%cal Rc4f7,Ra2c4] That's how.} Re7 27. Rfe1 Rce8 {
Black's position is already critical. I feel that White should have made more
of his advantage at this point.} 28. h3 (28. Nd2 $5 {[%cal Rd2f1,Rf1e3,Re3f5,
Re3d5]} e4 29. Nf1 g5 (29... g6 30. Ne3 Bg7 31. Nd5 $40) 30. Bg3 Ne5 31. Bxe5
Rxe5 32. Ne3 {[%csl Rf5,Rf7]}) 28... g6 29. Rd6 Bg7 30. Red1 g5 31. Bg3 Nf8 32.
Bxf7+ {White plunges, though, to a certain extent, it takes the pressure off
Black.} (32. Nh2 $5 {[%cal Rh2f1,Rf1e3,Re3f5]} Ne4 33. Bd5 Nc3 34. Bxb7 Nxa2
35. Bc6 Rc8 36. Ng4 $5 (36. Nf1 Nc3 37. R1d2 f5) 36... Nc3 37. R1d3 e4 38.
Nxh6+ Kh7 39. Nf5 Ne2+ 40. Kf1 exd3 41. Nxe7 Nd4 42. Rxd4 Bxd4 43. Nxc8 $18 {
These are just my fairly random thoughts. What is clear is that Black is still
under pressure.}) 32... Rxf7 33. Nxe5 Ree7 34. Nxf7 Rxf7 35. Be5 Qe7 36. Bxf6
Bxf6 37. a4 Kg7 38. a5 Be5 39. R6d5 Bc3 40. Rd6 Be5 41. R6d5 Bc3 42. Qc4 Qxb4
43. Qxb4 Bxb4 44. a6 Bc5 45. R1d2 Ne6 {[%cal Rc5f2,Rf7f2] If White isn't
careful Black will take over the initiative, so he correctly simplifies.} 46.
Rd7 Bxf2+ 47. Kf1 Bd4+ 48. Rxf7+ Kxf7 49. Ke2 Ke7 50. Kd3 Bc5 51. Kc4 Nc7 52.
Re2+ Kd7 53. Rd2+ Ke7 54. Re2+ Kd7 {Black is unable to make progress as the
a-pawn is too weak.} 1/2-1/2

[Event "Linares 12th"]
[Site "Linares"]
[Date "1994.02.??"]
[Round "4"]
[White "Karpov, Anatoly"]
[Black "Topalov, Veselin"]
[Result "1-0"]
[WhiteElo "2740"]
[BlackElo "2640"]
[Annotator "Knaak,R"]
[PlyCount "77"]
[EventDate "1994.02.??"]
[EventType "tourn"]
[EventRounds "13"]
[EventCountry "ESP"]
[EventCategory "18"]
[SourceTitle "100 Jahre Schach"]
[Source "ChessBase"]
[SourceDate "2000.04.19"]
[SourceVersion "1"]
[SourceVersionDate "2000.04.19"]
[SourceQuality "1"]

{Karpov in Linares 1994 - das ist eine Erfolgsstory, die kaum Parallelen
aufweist. Aber halt: eine fällt mir doch ein. New York 1924, da hat der von
Capablanca drei Jahre zuvor besiegte Lasker plötzlich mit 16 aus 20 der
Schachwelt noch einmal gezeigt, was für ein Riese er ist.} 1. d4 Nf6 2. c4 c5
3. Nf3 cxd4 4. Nxd4 e6 5. g3 Nc6 6. Bg2 Bc5 7. Nb3 Be7 8. Nc3 O-O 9. O-O d6 10.
Bf4 $1 Nh5 11. e3 $1 {Ein bemerkenswerter Zug. Weiß läßt sich einen
Doppelbauern machen und verzichtet zudem auf das Läuferpaar. Das basiert aber
auf einer sehr tiefgründigen Einschätzung der Stellung: Das schwarze
Läuferpaar ist hinter den eigenen Bauern eingesperrt, der auf f4 entstehende
Bauer ist schnell zu f5 bereit und außerdem wird die e-Linie geöffnet.} Nxf4
12. exf4 Bd7 13. Qd2 Qb8 14. Rfe1 g6 {Schwarz mußte schon mit f4-f5 rechnen.}
15. h4 a6 16. h5 {Noch ist nicht ganz klar, was Weiß gegen den schwarzen König
ausrichten kann. Man wird es erst einige Züge später sehen.} b5 {Der junge
bulgarische Spieler gehört in die Kategorie "Initiative und Gegenspiel
suchend". Doch hier war es ohne Zweifel besser 16...Ra7 nebst b6 oder zu
spielen.} 17. hxg6 hxg6 18. Nc5 $1 dxc5 (18... Be8 19. Nxa6 $1 Rxa6 20. cxb5
Rb6 21. bxc6 $18) 19. Qxd7 Rc8 20. Rxe6 $1 {Das ist das Salz in der weißen
Suppe! Der Turm bricht wie ein Tornado in die schwarze Stellung ein und
zerstört den Wall vor dem König.} Ra7 21. Rxg6+ fxg6 22. Qe6+ Kg7 23. Bxc6 Rd8
24. cxb5 Bf6 25. Ne4 {Weiß steht auf Gewinn.} Bd4 26. bxa6 ({Der Vorschlag von
Fritz lautet:} 26. f5 gxf5 27. Qxf5 $18) 26... Qb6 27. Rd1 Qxa6 28. Rxd4 $1 {
Das dritte Turmopfer in ein und derselben Partie! Selten sieht man ähnliches,
noch weniger in hochklassigen Turnieren.} Rxd4 29. Qf6+ Kg8 30. Qxg6+ Kf8 31.
Qe8+ Kg7 32. Qe5+ Kg8 33. Nf6+ Kf7 34. Be8+ Kf8 35. Qxc5+ Qd6 36. Qxa7 Qxf6 (
36... Rd1+ 37. Kg2 Rg1+ $1 38. Kh3 (38. Kxg1 $2 Qd1+ 39. Kg2 Qh1+ $1) 38...
Rh1+ 39. Kg4 {und Weiß gewinnt.}) 37. Bh5 Rd2 38. b3 Rb2 39. Kg2 {Schwarz
entschied, daß fünf Bauern für eine Qualität für einen leichten Sieg
ausreichend sind.} 1-0